<?xml version="1.0" encoding="UTF-8"?>
<marc:record xmlns:marc="http://www.loc.gov/MARC21/slim">
   <marc:leader>00000nam a2200000 a 4500</marc:leader>
   <marc:datafield ind1="1" ind2=" " tag="100">
      <marc:subfield code="a">Bennett, S.J.</marc:subfield>
      <marc:subfield code="4">aut</marc:subfield>
      <marc:subfield code="e">Verfasser/-in</marc:subfield>
   </marc:datafield>
   <marc:datafield ind1="0" ind2="0" tag="245">
      <marc:subfield code="a">Die Queen, die aus der Kälte kam</marc:subfield>
   </marc:datafield>
   <marc:datafield ind1=" " ind2="1" tag="264">
      <marc:subfield code="b"> Knaur</marc:subfield>
      <marc:subfield code="c">2026</marc:subfield>
   </marc:datafield>
   <marc:datafield ind1="1" ind2=" " tag="490">
      <marc:subfield code="a">Die Queen ermittelt</marc:subfield>
   </marc:datafield>
   <marc:datafield ind1="1" ind2=" " tag="520">
      <marc:subfield code="a">DIE QUEEN UND DIE SPIONE
1961. Eine Leiche wird beseitigt, als ein Zug vorbeifahrt - ein Zug, in dem Königin Elizabeth sitzt! Die Queen erkennt bald, dass der Vorfall das Zeug dazu hat, ihren anstehenden Staatsbesuch in Italien gehörig durcheinanderzubringen. Diplomatie und Geheimdienste stehen kopf- die Queen jedoch ermittelt 
</marc:subfield>
   </marc:datafield>
   <marc:datafield ind1=" " ind2=" " tag="020">
      <marc:subfield code="a">9783426447208</marc:subfield>
      <marc:subfield code="9">9783426447208</marc:subfield>
   </marc:datafield>
</marc:record>
